Решение вариационных задач строительной механики в системе MATHEMATICA: учебное пособие

Detalles Bibliográficos
Autor Principal: Кристалинский Р. Е.
Outros autores: Шапошников Н. Н.
Summary:В учебном пособии рассматривается широкий спектр вариационных задач строительной механики. Показано, что для решения этих задач весьма эффективно может быть использована одна из наиболее мощных систем компьютерной математики — Mathematica. Пособие будет полезно для студентов строительных специальностей, студентов, обучающихся по специальностям «Прикладная математика и информатика», «Прикладная информатика», и для инженеров-расчетчиков.
Idioma:ruso
Publicado: СПб., Лань, 2010
Series:Учебники для вузов. Специальная литература
Subjects:
Formato: MixedMaterials Libro
KOHA link:https://koha.lib.tpu.ru/cgi-bin/koha/opac-detail.pl?biblionumber=178814

MARC

LEADER 00000nam0a2200000 4500
001 178814
005 20231101223430.0
010 |a 9785811409242 
035 |a (RuTPU)RU\TPU\book\193829 
090 |a 178814 
100 |a 20100409d2010 m y0rusy50 ca 
101 0 |a rus 
102 |a RU 
105 |a a j 001zy 
200 1 |a Решение вариационных задач строительной механики в системе MATHEMATICA  |e учебное пособие  |f Р. Е. Кристалинский, Н. Н. Шапошников 
210 |a СПб.  |c Лань  |d 2010 
215 |a 240 с.  |c ил. 
225 1 |a Учебники для вузов. Специальная литература 
320 |a Библиогр.: с. 235-238. 
330 |a В учебном пособии рассматривается широкий спектр вариационных задач строительной механики. Показано, что для решения этих задач весьма эффективно может быть использована одна из наиболее мощных систем компьютерной математики — Mathematica. Пособие будет полезно для студентов строительных специальностей, студентов, обучающихся по специальностям «Прикладная математика и информатика», «Прикладная информатика», и для инженеров-расчетчиков. 
606 1 |a Строительная механика  |x Расчет на вычислительных машинах  |2 stltpush  |3 (RuTPU)RU\TPU\subj\57242  |9 75104 
610 1 |a вариационные принципы 
610 1 |a приближенные решения 
610 1 |a аналитические методы 
610 1 |a программирование 
610 1 |a Mathematica 
610 1 |a учебные пособия 
610 1 |a прикладная математика 
675 |a 624.04:681.3(075.8)  |v 3 
700 1 |a Кристалинский  |b Р. Е. 
701 1 |a Шапошников  |b Н. Н. 
801 1 |a RU  |b 63413507  |c 20100409 
801 2 |a RU  |b 63413507  |c 20150724  |g RCR 
942 |c BK 
959 |a 23/20100408  |d 2  |e 390,06  |f АНЛ:1  |f ЧЗТЛ:1